Roll of thunder, hear my cry
محفوظ في:
| المؤلف الرئيسي: | |
|---|---|
| التنسيق: | كتاب |
| اللغة: | Undetermined |
| منشور في: |
Brooklyn, N.Y.
Puffin Press
1991
|
| الموضوعات: | |
| الوسوم: |
إضافة وسم
لا توجد وسوم, كن أول من يضع وسما على هذه التسجيلة!
|
| Thư viện lưu trữ: | Trung tâm Học liệu Trường Đại học Cần Thơ |
|---|
| LEADER | 00630nam a2200181Ia 4500 | ||
|---|---|---|---|
| 001 | CTU_225209 | ||
| 008 | 210402s9999 xx 000 0 und d | ||
| 082 | |a 813.5 | ||
| 082 | |b T238 | ||
| 100 | |a Taylor, Mildred D. | ||
| 245 | 0 | |a Roll of thunder, hear my cry | |
| 245 | 0 | |c Mildred D. Taylor ; introduction by Jacqueline Woodson ; illustration by Kadir Nelson. | |
| 260 | |a Brooklyn, N.Y. | ||
| 260 | |b Puffin Press | ||
| 260 | |c 1991 | ||
| 650 | |a African Americans,Người Mỹ gốc Phi | ||
| 650 | |x Juvenile fiction.,Tiểu thuyết vị thành niên. | ||
| 980 | |a Trung tâm Học liệu Trường Đại học Cần Thơ | ||